[Event "5. Bamberg Open A"]
[Site "Bamberg"]
[Date "2023.07.26"]
[Round "1"]
[Board "1"]
[White "Mazur, Stefan"]
[Black "Von Auer, Ulrich"]
[Result "1-0"]
[WhiteElo "2467"]
[BlackElo "1969"]
[PlyCount "61"]
[EventDate "2023.07.26"]
[EventRounds "7"]
[EventCountry "GER"]

1. e4 e6 2. Bb5 c6 3. Ba4 d5 4. e5 Bd7 5. c3 c5 6. Bc2 Nc6 7. Nf3 Qc7 8. Qe2 O-O-O
9. O-O f6 10. d4 fxe5 11. dxe5 h6 12. Bf4 g5 13. Bg3 Bg7 14. Na3 Rf8 15. Nb5 Qd8
16. b4 c4 17. Nd6+ Kb8 18. b5 Na5 19. Nd4 Ne7 20. Rab1 Nc8 21. Nc6+ Nxc6 22. bxc6
Bxc6 23. Ba4 Nxd6 24. Bxc6 Qc7 25. Bxd5 exd5 26. exd6 Qd7 27. Rfd1 Rf5 28. Qe3 h5
29. h3 h4 30. Bh2 Re8 31. Qxe8+  1-0

[Event "5. Bamberg Open A"]
[Site "Bamberg"]
[Date "2023.07.26"]
[Round "1"]
[Board "2"]
[White "Gentner, Markus"]
[Black "Moehn, Hans"]
[Result "0-1"]
[WhiteElo "1982"]
[BlackElo "2382"]
[PlyCount "69"]
[EventDate "2023.07.26"]
[EventRounds "7"]
[EventCountry "GER"]

1. Nf3 c5 2. c4 b6 3. g3 Bb7 4. Bg2 g6 5. O-O Bg7 6. Nc3 d6 7. e3 Bxc3 8. bxc3 Qd7
9. d3 Nc6 10. Qc2 f5 11. a4 Nf6 12. Nd2 e5 13. Nb3 O-O 14. a5 Rae8 15. Rd1 e4 16.
axb6 axb6 17. d4 Qf7 18. Nd2 g5 19. Rb1 Nd7 20. f3 exf3 21. Bxf3 Na5 22. Bxb7 Nxb7
23. Rf1 Qe6 24. Nf3 h6 25. Qd3 Na5 26. d5 Qe4 27. Qxe4 Rxe4 28. Nd2 Rxe3 29. Nb3
Re4 30. Nxa5 bxa5 31. Ra1 Kg7 32. Rxa5 Kg6 33. Ra6 Rf6 34. Bd2 Ne5 35. Rb1  0-1

[Event "5. Bamberg Open A"]
[Site "Bamberg"]
[Date "2023.07.26"]
[Round "1"]
[Board "3"]
[White "Burdalev, Kirill"]
[Black "Kung, Andreas Arnfried"]
[Result "1-0"]
[WhiteElo "2363"]
[BlackElo "1990"]
[PlyCount "61"]
[EventDate "2023.07.26"]
[EventRounds "7"]
[EventCountry "GER"]

1. d4 Nc6 2. Nf3 d6 3. Bf4 Nf6 4. h3 g6 5. Nc3 Bg7 6. e4 Nh5 7. Bh2 e5 8. dxe5 Nxe5
9. Be2 Nxf3+ 10. Bxf3 Bxc3+ 11. bxc3 Ng7 12. e5 Qe7 13. O-O dxe5 14. Bxe5 O-O 15.
Re1 Ne6 16. Bd5 Qg5 17. Qf3 c6 18. Bc4 Ng7 19. Bd6 Be6 20. Bxf8 Rxf8 21. Bb3 Rd8
22. Rad1 h5 23. Qe3 Qf6 24. Rxd8+ Qxd8 25. Qxa7 Qe7 26. Qb8+ Kh7 27. Rd1 Qc5 28.
Rd8 g5 29. Bxe6 fxe6 30. Qxb7 Qxc3 31. Rd7  1-0

[Event "5. Bamberg Open A"]
[Site "Bamberg"]
[Date "2023.07.26"]
[Round "1"]
[Board "4"]
[White "Wagner, Tizian"]
[Black "Bournel, Antoine"]
[Result "0-1"]
[WhiteElo "1883"]
[BlackElo "2358"]
[PlyCount "62"]
[EventDate "2023.07.26"]
[EventRounds "7"]
[EventCountry "GER"]

1. e4 c6 2. d4 d5 3. e5 Bf5 4. Nd2 e6 5. Nb3 Nd7 6. Nf3 Qc7 7. Be3 f6 8. exf6 Ngxf6
9. Bd3 Bd6 10. Ng5 Nf8 11. Nc5 h6 12. Nf3 O-O-O 13. b4 g5 14. g3 Ne4 15. Bxe4 Bxe4
16. O-O Bf5 17. Ne5 Bxe5 18. dxe5 g4 19. Qd4 Ng6 20. Bf4 Rdf8 21. Rfe1 h5 22. Bg5
h4 23. c4 b6 24. Nb3 Be4 25. Bf6 hxg3 26. fxg3 Rxf6 27. exf6 Rxh2 28. Kxh2 Qh7+ 29.
Kg1 Qh1+ 30. Kf2 Qf3+ 31. Kg1 Qg2#  0-1

[Event "5. Bamberg Open A"]
[Site "Bamberg"]
[Date "2023.07.26"]
[Round "1"]
[Board "5"]
[White "Kolb, Tobias"]
[Black "Swienty, Bernhard"]
[Result "1-0"]
[WhiteElo "2325"]
[BlackElo "1989"]
[PlyCount "37"]
[EventDate "2023.07.26"]
[EventRounds "7"]
[EventCountry "GER"]

1. d4 e6 2. c4 d5 3. Nc3 c6 4. e4 Bb4 5. cxd5 cxd5 6. e5 Nc6 7. a3 Be7 8. Bd3 f5
9. Nge2 g6 10. Be3 a6 11. Nf4 Bf8 12. g4 fxg4 13. Qxg4 Qe7 14. Na4 Nh6 15. Qh3 g5
16. Nh5 Ng8 17. Rg1 h6 18. f4 gxf4 19. Nxf4  1-0

[Event "5. Bamberg Open A"]
[Site "Bamberg"]
[Date "2023.07.26"]
[Round "1"]
[Board "6"]
[White "Mueller, Maximilian"]
[Black "Stork, Oliver"]
[Result "1-0"]
[WhiteElo "1954"]
[BlackElo "2327"]
[PlyCount "95"]
[EventDate "2023.07.26"]
[EventRounds "7"]
[EventCountry "GER"]

1. e4 c5 2. Nf3 e6 3. b3 a6 4. Bb2 Nc6 5. Be2 Nf6 6. e5 Ng4 7. h3 Nh6 8. d4 cxd4
9. Nxd4 Nxe5 10. Nxe6 dxe6 11. Qxd8+ Kxd8 12. Bxe5 f6 13. Bc3 b6 14. Nd2 Bb7 15.
Bf3 Kc7 16. O-O-O e5 17. Bxb7 Kxb7 18. Kb2 Rd8 19. Ne4 Be7 20. g4 Nf7 21. Rhe1 Kc6
22. Ng3 g6 23. Rxd8 Bxd8 24. Rf1 Bc7 25. f4 exf4 26. Ne4 Re8 27. Nxf6 Re3 28. Nxh7
Rxh3 29. Nf8 g5 30. Ne6 Bd6 31. Nd4+ Kd5 32. Nf5 Be5 33. Rd1+ Ke4 34. Re1+ Re3 35.
Nxe3 fxe3 36. Bxe5 Nxe5 37. Kc3 Nxg4 38. Rg1 Ne5 39. Rxg5 e2 40. Rxe5+ Kxe5 41. Kd2
Kd4 42. c3+ Ke4 43. Kxe2 b5 44. b4 Kd5 45. Kd3 Ke5 46. c4 bxc4+ 47. Kxc4 Kd6 48.
a3  1-0

[Event "5. Bamberg Open A"]
[Site "Bamberg"]
[Date "2023.07.26"]
[Round "1"]
[Board "7"]
[White "Heidrich, Manfred"]
[Black "Berner, Juergen"]
[Result "1/2-1/2"]
[WhiteElo "2332"]
[BlackElo "1985"]
[PlyCount "98"]
[EventDate "2023.07.26"]
[EventRounds "7"]
[EventCountry "GER"]

1. e4 e5 2. Nf3 Nc6 3. d4 exd4 4. Nxd4 Bc5 5. Nxc6 Qf6 6. Qf3 Qxf3 7. gxf3 bxc6 8.
Be3 Bxe3 9. fxe3 Nf6 10. Nc3 d6 11. O-O-O Ke7 12. Rg1 Ne8 13. Ne2 Bd7 14. Nd4 g6
15. Rg5 c5 16. Nb3 f6 17. Rg1 a5 18. Nd2 Bc6 19. Bc4 Ng7 20. f4 f5 21. exf5 Nxf5
22. Bd3 Rhf8 23. e4 Nh6 24. Rdf1 Bd7 25. Nc4 Rf7 26. Ne3 Raf8 27. h4 Be6 28. h5 Rf6
29. hxg6 hxg6 30. e5 dxe5 31. fxe5 Rxf1+ 32. Bxf1 Rg8 33. Rh1 Nf7 34. Rh7 Kf8 35.
Bc4 Bxc4 36. Nxc4 g5 37. e6 Nd6 38. Ne5 Rg7 39. e7+ Kg8 40. Rxg7+ Kxg7 41. Nc4 Kf7
42. Nxa5 Kxe7 43. Kd2 Ke6 44. Ke3 Kd5 45. b3 c4 46. c3 cxb3 47. axb3 Kc5 48. Kf3
Kb5 49. b4 c5  1/2-1/2

[Event "5. Bamberg Open A"]
[Site "Bamberg"]
[Date "2023.07.26"]
[Round "1"]
[Board "8"]
[White "Zerr, Benjamin"]
[Black "Kowalczyk, Pawel"]
[Result "0-1"]
[WhiteElo "1726"]
[BlackElo "2332"]
[PlyCount "88"]
[EventDate "2023.07.26"]
[EventRounds "7"]
[EventCountry "GER"]

1. Nf3 g6 2. g3 Bg7 3. Bg2 c5 4. O-O Nc6 5. e4 d6 6. d3 e5 7. Nc3 Nge7 8. Bd2 h6
9. h3 Be6 10. Re1 Qd7 11. Kh2 g5 12. Ng1 O-O-O 13. a4 f5 14. exf5 Nxf5 15. Ne4 Rhf8
16. a5 g4 17. hxg4 Nfd4 18. f3 h5 19. g5 h4 20. g4 h3 21. Nxh3 Kc7 22. Kg3 Ne7 23.
b4 c4 24. Be3 Nd5 25. c3 Nb3 26. Rb1 Nxe3 27. Rxe3 d5 28. Nc5 Nxc5 29. bxc5 d4 30.
cxd4 Qxd4 31. Re4 Qxd3 32. Nf2 Qxd1 33. Nxd1 Rd5 34. Nc3 Rxc5 35. Nb5+ Kb8 36. f4
exf4+ 37. Kf2 Bd5 38. Re7 f3 39. Bf1 Bh8 40. Nd6 Bd4+ 41. Kg3 c3 42. Nxb7 c2 43.
Rb4 c1=Q 44. Nxc5+ Ka8  0-1

[Event "5. Bamberg Open A"]
[Site "Bamberg"]
[Date "2023.07.26"]
[Round "1"]
[Board "9"]
[White "Chassard, Cedric"]
[Black "Koppe, Connor"]
[Result "1-0"]
[WhiteElo "2326"]
[BlackElo "1972"]
[PlyCount "71"]
[EventDate "2023.07.26"]
[EventRounds "7"]
[EventCountry "GER"]

1. e4 c5 2. Nf3 Nc6 3. Bb5 g6 4. Bxc6 dxc6 5. d3 Bg7 6. h3 Bd7 7. Nc3 Qc7 8. Be3
b6 9. Qd2 O-O-O 10. O-O h6 11. a3 f5 12. Nh4 fxe4 13. Nxg6 Bf5 14. Nxh8 Bxh8 15.
Qe2 exd3 16. Qf3 Bh7 17. cxd3 Bxd3 18. Rfd1 c4 19. Rac1 Bxc3 20. Rxc3 Nf6 21. b3
Nd5 22. Rcc1 Nxe3 23. Qxe3 b5 24. bxc4 Bxc4 25. Rxd8+ Kxd8 26. Qxh6 Bd5 27. Re1 Kd7
28. Qg7 Qd6 29. h4 Qxa3 30. h5 Qb4 31. Re3 Qb1+ 32. Kh2 Qb4 33. h6 Qh4+ 34. Rh3 Qxf2
35. h7 Qf4+ 36. Qg3  1-0

[Event "5. Bamberg Open A"]
[Site "Bamberg"]
[Date "2023.07.26"]
[Round "1"]
[Board "10"]
[White "Link, Oliver"]
[Black "Koepke, Christian"]
[Result "0-1"]
[WhiteElo "1963"]
[BlackElo "2313"]
[PlyCount "40"]
[EventDate "2023.07.26"]
[EventRounds "7"]
[EventCountry "GER"]

1. e4 c6 2. c4 d5 3. exd5 cxd5 4. cxd5 Nf6 5. Qa4+ Nbd7 6. Nc3 g6 7. g4 Bg7 8. g5
Nh5 9. Nge2 O-O 10. Ng3 e6 11. Nxh5 gxh5 12. d4 exd5 13. Be3 Nb6 14. Qc2 Bg4 15.
Bd3 Nc4 16. Bxh7+ Kh8 17. h4 Re8 18. O-O Qd6 19. Bc1 Bxd4 20. Nb5 Qg3+  0-1

[Event "5. Bamberg Open A"]
[Site "Bamberg"]
[Date "2023.07.26"]
[Round "1"]
[Board "11"]
[White "Tschernatsch, Johannes"]
[Black "Rosenboom, Niko"]
[Result "1/2-1/2"]
[WhiteElo "2303"]
[BlackElo "1827"]
[PlyCount "114"]
[EventDate "2023.07.26"]
[EventRounds "7"]
[EventCountry "GER"]

1. e4 c5 2. Nf3 e6 3. g3 Nc6 4. Bg2 Nf6 5. Qe2 d5 6. exd5 Nxd5 7. O-O Be7 8. Rd1
Bf6 9. Nc3 Ndb4 10. d3 O-O 11. Ne4 Be7 12. c3 Nd5 13. d4 cxd4 14. Nxd4 Nxd4 15. Rxd4
Qc7 16. h4 Bd7 17. Ng5 Bc5 18. Qd3 g6 19. Bxd5 Bxd4 20. Qxd4 exd5 21. h5 Qc4 22.
hxg6 fxg6 23. Qxc4 dxc4 24. Be3 Rae8 25. Rd1 Bf5 26. Rd4 b5 27. Rh4 h5 28. Bxa7 Ra8
29. Bc5 Rxa2 30. Bxf8 Kxf8 31. Nf3 Rxb2 32. Nd4 Bd3 33. Rf4+ Ke8 34. Nc6 Rb3 35.
f3 Rxc3 36. Kf2 Bb1 37. Rd4 Ra3 38. Rd8+ Kf7 39. Rb8 Rb3 40. Rb7+ Kf6 41. Rb6 Rb2+
42. Ke3 Ke6 43. Kd4 Rd2+ 44. Kc3 Rd3+ 45. Kb2 Rb3+ 46. Kc1 Kd7 47. Nd4 Rb4 48. Nc6
Rb3 49. Nd4 Rd3 50. Nxb5 Ba2 51. Rxg6 Rxf3 52. Rg7+ Ke8 53. Kb2 Bb3 54. Nd4 Rd3 55.
Nxb3 Rxb3+ 56. Kc2 Kf8 57. Rg5 Kf7  1/2-1/2

[Event "5. Bamberg Open A"]
[Site "Bamberg"]
[Date "2023.07.26"]
[Round "1"]
[Board "12"]
[White "Navarro Jahnke, Leo"]
[Black "Haack, Kevin"]
[Result "0-1"]
[WhiteElo "1934"]
[BlackElo "2296"]
[PlyCount "68"]
[EventDate "2023.07.26"]
[EventRounds "7"]
[EventCountry "GER"]

1. d4 Nf6 2. Nf3 e6 3. Bf4 d5 4. e3 c5 5. c3 Nc6 6. Nbd2 Nh5 7. Bg5 f6 8. Bh4 g6
9. Be2 cxd4 10. cxd4 Be7 11. a3 a5 12. O-O O-O 13. Rc1 Bd7 14. Nb1 Na7 15. Ne1 Ng7
16. Bg3 Rc8 17. Nd3 b6 18. b4 axb4 19. axb4 Bb5 20. Qd2 Nc6 21. Rfd1 Qd7 22. Nc5
bxc5 23. Bxb5 c4 24. e4 Qb7 25. Nc3 Bxb4 26. Rb1 Qxb5 27. Nxb5 Bxd2 28. Rxd2 dxe4
29. Nd6 c3 30. Ra2 Ra8 31. Rxa8 Rxa8 32. Nxe4 c2 33. Rc1 Nxd4 34. Kf1 Nb3  0-1

[Event "5. Bamberg Open A"]
[Site "Bamberg"]
[Date "2023.07.26"]
[Round "1"]
[Board "13"]
[White "Ronka, Erik"]
[Black "Aumueller, Naum"]
[Result "1-0"]
[WhiteElo "2294"]
[BlackElo "1831"]
[PlyCount "83"]
[EventDate "2023.07.26"]
[EventRounds "7"]
[EventCountry "GER"]

1. e4 e5 2. Nf3 Nc6 3. Bb5 f5 4. d3 fxe4 5. dxe4 Nf6 6. O-O d6 7. Bc4 Bg4 8. h3 Bh5
9. Nc3 Nd4 10. g4 Nxf3+ 11. Qxf3 Bg6 12. g5 Nh5 13. Be6 Be7 14. Qg4 Nf4 15. Bxf4
exf4 16. h4 Rf8 17. Rad1 Bf7 18. Bxf7+ Kxf7 19. Qxf4+ Kg8 20. Qg3 c6 21. Ne2 Qd7
22. f4 d5 23. Kg2 Qe6 24. e5 Qf5 25. Rd3 Rae8 26. Qh3 Qe4+ 27. Qf3 Qc4 28. Rb3 Bc5
29. Qd3 Qa4 30. Nc3 Qa5 31. Rxb7 Bb6 32. a3 Kh8 33. Rd7 Rd8 34. Rxd8 Rxd8 35. Ne2
c5 36. Rd1 Qa4 37. c4 Qd7 38. Qh3 Qc6 39. cxd5 Qb5 40. Rd2 Ba5 41. Nc3 Qc4 42. Qf3
 1-0

[Event "5. Bamberg Open A"]
[Site "Bamberg"]
[Date "2023.07.26"]
[Round "1"]
[Board "14"]
[White "Miller, Konstantin"]
[Black "Derichs, Roger"]
[Result "0-1"]
[WhiteElo "1756"]
[BlackElo "2286"]
[PlyCount "34"]
[EventDate "2023.07.26"]
[EventRounds "7"]
[EventCountry "GER"]

1. e4 e6 2. d4 d5 3. Nc3 Bb4 4. e5 c5 5. a3 Bxc3+ 6. bxc3 Nc6 7. Qg4 g6 8. h4 h6
9. Bd3 c4 10. Be2 Qa5 11. Rh3 Bd7 12. h5 g5 13. f4 f5 14. exf6 Nxf6 15. Qg3 g4 16.
Rh4 Nxd4 17. Bd1 Nf5  0-1

[Event "5. Bamberg Open A"]
[Site "Bamberg"]
[Date "2023.07.26"]
[Round "1"]
[Board "15"]
[White "Muschik, Benedikt"]
[Black "Murawski, Jan"]
[Result "1/2-1/2"]
[WhiteElo "2284"]
[BlackElo "1954"]
[PlyCount "21"]
[EventDate "2023.07.26"]
[EventRounds "7"]
[EventCountry "GER"]

1. d4 Nf6 2. Nf3 e6 3. Bf4 c5 4. e3 Qb6 5. Nc3 Qxb2 6. Nb5 Nd5 7. Rb1 Qxa2 8. Ra1
Qb2 9. Rb1 Qa2 10. Ra1 Qb2 11. Rb1  1/2-1/2

[Event "5. Bamberg Open A"]
[Site "Bamberg"]
[Date "2023.07.27"]
[Round "2"]
[Board "1"]
[White "Gerber, Peter"]
[Black "Mazur, Stefan"]
[Result "0-1"]
[WhiteElo "2143"]
[BlackElo "2467"]
[PlyCount "104"]
[EventDate "2023.07.26"]
[EventRounds "7"]
[EventCountry "GER"]

1. e4 e5 2. Nf3 Nc6 3. Bb5 a6 4. Ba4 g6 5. O-O Bg7 6. c3 d6 7. h3 Nge7 8. d4 O-O
9. Be3 b5 10. Bc2 exd4 11. cxd4 Na5 12. Nc3 Nc4 13. Bc1 b4 14. Ne2 c5 15. Rb1 a5
16. Re1 Ba6 17. Bg5 Qc7 18. Bd3 Nb6 19. Bxa6 Rxa6 20. Qd3 c4 21. Qe3 Re8 22. Qf4
f6 23. Bxf6 Rf8 24. e5 Ned5 25. Qe4 Bxf6 26. exf6 Rxf6 27. Ng5 Ra8 28. Qg4 Raf8 29.
Ne4 R6f7 30. Ng5 Re7 31. Ne6 Nf6 32. Nxc7 Nxg4 33. hxg4 Rxc7 34. Ng3 Rf4 35. Ne4
d5 36. Ng5 Rc8 37. Ne6 Rf7 38. Re3 Na4 39. g3 Rd7 40. f4 c3 41. b3 c2 42. Rc1 Rc3
43. Re2 Rxg3+ 44. Kf2 Nc3 45. Rcxc2 Nxe2 46. f5 Rc3 47. Rxe2 gxf5 48. gxf5 Rf7 49.
Re5 Rd7 50. Nf4 Rc2+ 51. Kf3 Rxa2 52. Nxd5 Kf7  0-1

[Event "5. Bamberg Open A"]
[Site "Bamberg"]
[Date "2023.07.27"]
[Round "2"]
[Board "2"]
[White "Moehn, Hans"]
[Black "Woithe, Daniel"]
[Result "1/2-1/2"]
[WhiteElo "2382"]
[BlackElo "2106"]
[PlyCount "50"]
[EventDate "2023.07.26"]
[EventRounds "7"]
[EventCountry "GER"]

1. Nf3 d5 2. g3 Nd7 3. Bg2 e5 4. O-O Ngf6 5. d3 Bd6 6. Nc3 O-O 7. e4 c6 8. Bg5 h6
9. Bd2 Re8 10. Nh4 dxe4 11. dxe4 Bf8 12. Qe2 Nc5 13. Rad1 Qb6 14. b3 Bg4 15. Bf3
Bh3 16. Rfe1 Ne6 17. Na4 Qc7 18. c3 Ng5 19. Bg2 b5 20. Nb2 Bxg2 21. Bxg5 hxg5 22.
Nxg2 Rad8 23. Qc2 Rxd1 24. Rxd1 Rd8 25. Rxd8 Ne8  1/2-1/2

[Event "5. Bamberg Open A"]
[Site "Bamberg"]
[Date "2023.07.27"]
[Round "2"]
[Board "3"]
[White "Honisch, Alexander"]
[Black "Burdalev, Kirill"]
[Result "0-1"]
[WhiteElo "2040"]
[BlackElo "2363"]
[PlyCount "98"]
[EventDate "2023.07.26"]
[EventRounds "7"]
[EventCountry "GER"]

1. e4 e5 2. Nf3 Nc6 3. Bb5 Nf6 4. O-O Nxe4 5. Re1 Nd6 6. Nxe5 Be7 7. Bf1 Nxe5 8.
Rxe5 O-O 9. Nc3 Bf6 10. Re1 Nf5 11. Nd5 c6 12. Nxf6+ Qxf6 13. c3 d5 14. g3 Nd6 15.
d3 Bd7 16. Bf4 Rfe8 17. Qa4 g5 18. Rxe8+ Bxe8 19. Bd2 Bd7 20. Re1 h6 21. Be3 Nb5
22. Bc5 Be6 23. Qc2 b6 24. Be3 d4 25. Bd2 dxc3 26. bxc3 Bd5 27. Re3 c5 28. a4 Nc7
29. c4 Bb7 30. Bc3 Qc6 31. Re4 Qd7 32. Re3 Ne6 33. Bh3 Qc6 34. Re4 Re8 35. Qe2 Ng7
36. Bg2 Re6 37. g4 h5 38. h3 hxg4 39. hxg4 a6 40. Qd2 f6 41. Qe2 Kf7 42. a5 Qc7 43.
axb6 Qxb6 44. Rxe6 Nxe6 45. Bd5 Bxd5 46. cxd5 Nf4 47. Qa2 Qd6 48. Qa5 Qxd5 49. Qc7+
Kg6  0-1

[Event "5. Bamberg Open A"]
[Site "Bamberg"]
[Date "2023.07.27"]
[Round "2"]
[Board "4"]
[White "Bournel, Antoine"]
[Black "Jansen, Dirk Norbert"]
[Result "1-0"]
[WhiteElo "2358"]
[BlackElo "2098"]
[PlyCount "51"]
[EventDate "2023.07.26"]
[EventRounds "7"]
[EventCountry "GER"]

1. d4 d5 2. c4 e6 3. Nf3 Nf6 4. Nc3 Be7 5. Bf4 O-O 6. e3 b6 7. Bd3 dxc4 8. Bxc4 Ba6
9. Bxa6 Nxa6 10. Qa4 Qc8 11. O-O Qb7 12. Rac1 c5 13. a3 Rfd8 14. Nb5 Nd5 15. Bg3
Rac8 16. h3 Kf8 17. Rfd1 Ndc7 18. Bxc7 Nxc7 19. Qxa7 Qc6 20. Nxc7 Rxc7 21. Qa6 Bf6
22. dxc5 Rxd1+ 23. Rxd1 Qxc5 24. b4 Qc6 25. Nd4 Qd7 26. Qxb6  1-0

[Event "5. Bamberg Open A"]
[Site "Bamberg"]
[Date "2023.07.27"]
[Round "2"]
[Board "5"]
[White "Metzinger, Hannes"]
[Black "Kolb, Tobias"]
[Result "0-1"]
[WhiteElo "2036"]
[BlackElo "2325"]
[PlyCount "142"]
[EventDate "2023.07.26"]
[EventRounds "7"]
[EventCountry "GER"]

1. e4 e5 2. Nf3 Nc6 3. Bc4 Bc5 4. c3 Nf6 5. d3 d6 6. O-O a6 7. a4 Ba7 8. Re1 h6 9.
Nbd2 g5 10. b4 Ne7 11. Nf1 Ng6 12. Be3 g4 13. N3d2 Nh5 14. Bxa7 Rxa7 15. g3 Ng7 16.
Ne3 h5 17. d4 Ne6 18. Nf5 Qf6 19. Rf1 exd4 20. Bxe6 fxe6 21. Nxd4 e5 22. Nc2 h4 23.
Ne3 Ne7 24. Ra2 Qh6 25. Qe2 Ra8 26. Rd1 Bd7 27. Rb2 Kf7 28. Ndf1 Qg6 29. Ng2 hxg3
30. fxg3 Kg7 31. c4 Nc6 32. Nh4 Qg5 33. Qe3 Kh6 34. c5 Nd4 35. cxd6 cxd6 36. Qxg5+
Kxg5 37. Ne3 Rac8 38. Nef5 Bxf5 39. Nxf5 Nxf5 40. exf5 Rhd8 41. b5 Kxf5 42. bxa6
bxa6 43. Rb6 d5 44. Rf1+ Ke4 45. Rxa6 Kd3 46. Rg6 e4 47. Rxg4 Rc2 48. h4 e3 49. h5
d4 50. h6 e2 51. Re1 Kd2 52. Kf2 d3 53. h7 Rh8 54. Re4 Rxh7 55. R1xe2+ dxe2 56. Rxe2+
Kd3 57. Rxc2 Kxc2 58. Ke3 Kc3 59. g4 Re7+ 60. Kf4 Kd4 61. Kf5 Kd5 62. Kf6 Re6+ 63.
Kf5 Re1 64. g5 Rf1+ 65. Kg6 Ke6 66. a5 Ra1 67. Kh7 Rxa5 68. g6 Ra8 69. Kg7 Ke7 70.
Kh6 Kf6 71. g7 Rg8  0-1

[Event "5. Bamberg Open A"]
[Site "Bamberg"]
[Date "2023.07.27"]
[Round "2"]
[Board "6"]
[White "Kowalczyk, Pawel"]
[Black "Schmid, Bernhard"]
[Result "1-0"]
[WhiteElo "2332"]
[BlackElo "2069"]
[PlyCount "65"]
[EventDate "2023.07.26"]
[EventRounds "7"]
[EventCountry "GER"]

1. e4 e5 2. d4 exd4 3. c3 Qe7 4. cxd4 Qxe4+ 5. Be3 Bb4+ 6. Nc3 Nf6 7. Nf3 Nd5 8.
Qd2 Nxe3 9. fxe3 Bxc3 10. bxc3 d5 11. Bd3 Qe7 12. O-O Nd7 13. e4 dxe4 14. Bxe4 Nf6
15. Rae1 Nxe4 16. Rxe4 Be6 17. d5 O-O-O 18. c4 Qc5+ 19. Qd4 Qa3 20. Qxg7 Rhg8 21.
Qh6 Bf5 22. Re7 Qxa2 23. g3 Rd6 24. Qf4 Bh3 25. Rf2 Qb1+ 26. Re1 Qf5 27. Qd4 Ra6
28. Ne5 Qh5 29. Nxf7 Bf5 30. Ne5 Rh6 31. Qf4 Bd7 32. c5 Qh4 33. Qf3  1-0

[Event "5. Bamberg Open A"]
[Site "Bamberg"]
[Date "2023.07.27"]
[Round "2"]
[Board "7"]
[White "Chandler, Patrick"]
[Black "Chassard, Cedric"]
[Result "0-1"]
[WhiteElo "2110"]
[BlackElo "2326"]
[PlyCount "62"]
[EventDate "2023.07.26"]
[EventRounds "7"]
[EventCountry "GER"]

1. b4 e5 2. Bb2 f6 3. a3 d5 4. e3 Be6 5. d4 e4 6. Nd2 f5 7. c4 Nf6 8. Ne2 c6 9. c5
Nbd7 10. Nb3 Be7 11. Nc3 Qc7 12. Qd2 O-O 13. a4 f4 14. exf4 g5 15. g3 gxf4 16. gxf4
Kh8 17. O-O-O Nh5 18. Nxe4 Bg4 19. Be2 Bxe2 20. Qxe2 Nxf4 21. Qc2 dxe4 22. d5+ Bf6
23. dxc6 Nd3+ 24. Kb1 Qxc6 25. b5 Qe6 26. Bxf6+ Qxf6 27. f3 Rac8 28. c6 bxc6 29.
fxe4 cxb5 30. Qxd3 bxa4 31. Nd4 Rb8+  0-1

[Event "5. Bamberg Open A"]
[Site "Bamberg"]
[Date "2023.07.27"]
[Round "2"]
[Board "8"]
[White "Koepke, Christian"]
[Black "Bratu, Mircea"]
[Result "1-0"]
[WhiteElo "2313"]
[BlackElo "1891"]
[PlyCount "53"]
[EventDate "2023.07.26"]
[EventRounds "7"]
[EventCountry "GER"]

1. d4 Nf6 2. Bf4 c5 3. d5 d6 4. Nc3 e5 5. dxe6 Bxe6 6. e4 Nc6 7. Nf3 Be7 8. Be2 O-O
9. O-O a6 10. Re1 b5 11. a4 b4 12. Nd5 Bxd5 13. exd5 Ne5 14. Nxe5 dxe5 15. Bxe5 Qxd5
16. Qxd5 Nxd5 17. Bf3 Rad8 18. Rad1 Nf6 19. h3 Rxd1 20. Rxd1 Rd8 21. Rxd8+ Bxd8 22.
Bd6 Bb6 23. Bc6 a5 24. b3 g6 25. Kf1 Nh5 26. Ke2 Ng7 27. Bd7  1-0

[Event "5. Bamberg Open A"]
[Site "Bamberg"]
[Date "2023.07.27"]
[Round "2"]
[Board "9"]
[White "Haack, Kevin"]
[Black "Zimm, Justus"]
[Result "1-0"]
[WhiteElo "2296"]
[BlackElo "2065"]
[PlyCount "67"]
[EventDate "2023.07.26"]
[EventRounds "7"]
[EventCountry "GER"]

1. c4 Nf6 2. Nc3 d5 3. cxd5 Nxd5 4. g3 g6 5. Bg2 Nxc3 6. bxc3 Bg7 7. Rb1 O-O 8. Rxb7
Bxb7 9. Bxb7 Nd7 10. Bxa8 Qxa8 11. f3 e5 12. Nh3 Qc6 13. Nf2 Qa6 14. Qc2 Nc5 15.
d3 f5 16. Be3 Qa3 17. O-O Rb8 18. Rb1 Rb6 19. Kg2 Bf8 20. d4 exd4 21. Bxd4 Bg7 22.
Rd1 Bxd4 23. cxd4 Ne6 24. d5 Nc5 25. Rc1 Na6 26. Qc4 Qb4 27. Qd3 Qb5 28. e4 fxe4
29. Qxe4 Qb4 30. Rc4 Qd6 31. Qd4 Qf6 32. Qe3 Qf7 33. Rf4 Rf6 34. Ng4  1-0

[Event "5. Bamberg Open A"]
[Site "Bamberg"]
[Date "2023.07.27"]
[Round "2"]
[Board "10"]
[White "Braun, Michael"]
[Black "Ronka, Erik"]
[Result "0-1"]
[WhiteElo "2071"]
[BlackElo "2294"]
[PlyCount "60"]
[EventDate "2023.07.26"]
[EventRounds "7"]
[EventCountry "GER"]

1. d4 d5 2. c4 e6 3. g3 Nf6 4. Bg2 dxc4 5. Qa4+ Nbd7 6. Nf3 a6 7. Qxc4 b5 8. Qc2
Bb7 9. O-O c5 10. Nc3 Rc8 11. Qd1 h6 12. Bf4 Qb6 13. Be5 Nxe5 14. dxe5 Nd5 15. Qc2
Be7 16. Rac1 O-O 17. Rfd1 Rfd8 18. e3 Nb4 19. Qe2 c4 20. Ne1 Bxg2 21. Kxg2 Nc6 22.
f4 Na5 23. Rxd8+ Rxd8 24. Rd1 Rxd1 25. Nxd1 b4 26. Qd2 Qc6+ 27. Kf2 Qa4 28. Nc2 Nc6
29. a3 c3 30. Qd3 b3  0-1

[Event "5. Bamberg Open A"]
[Site "Bamberg"]
[Date "2023.07.27"]
[Round "2"]
[Board "11"]
[White "Derichs, Roger"]
[Black "Wichmann, Adrian"]
[Result "1/2-1/2"]
[WhiteElo "2286"]
[BlackElo "2066"]
[PlyCount "64"]
[EventDate "2023.07.26"]
[EventRounds "7"]
[EventCountry "GER"]

1. d4 Nf6 2. c4 g6 3. Nc3 d5 4. Nf3 Bg7 5. h3 O-O 6. cxd5 Nxd5 7. e4 Nxc3 8. bxc3
c5 9. Be2 b6 10. O-O cxd4 11. cxd4 Bb7 12. e5 Nc6 13. Rb1 Rc8 14. Bf4 Na5 15. Qd3
Qd5 16. Qa3 Qe4 17. Be3 e6 18. Bd3 Qd5 19. Rfc1 Rfe8 20. Rxc8 Rxc8 21. Rc1 Rxc1+
22. Qxc1 Qc6 23. Qf1 Qa4 24. Qe2 Bd5 25. Bb1 Nc6 26. Qd2 Bf8 27. Ng5 Qb4 28. Qd1
Ne7 29. Ne4 Bxe4 30. Bxe4 Qc4 31. Qd2 Nd5 32. Bxd5 Qxd5  1/2-1/2

[Event "5. Bamberg Open A"]
[Site "Bamberg"]
[Date "2023.07.27"]
[Round "2"]
[Board "12"]
[White "Zwahr, Paul"]
[Black "Glawe, Ralf"]
[Result "1-0"]
[WhiteElo "2280"]
[BlackElo "1990"]
[PlyCount "71"]
[EventDate "2023.07.26"]
[EventRounds "7"]
[EventCountry "GER"]

1. e4 c5 2. Nf3 e6 3. d4 cxd4 4. Nxd4 Nc6 5. Nc3 Qc7 6. Be3 a6 7. g4 b5 8. Nxc6 dxc6
9. Qd2 Be7 10. g5 e5 11. a4 b4 12. Na2 c5 13. Bc4 Be6 14. Qe2 Qc6 15. f3 h6 16. Rg1
hxg5 17. Bxg5 Bxc4 18. Qxc4 Bxg5 19. Rxg5 Qf6 20. Qd5 Qxg5 21. Qxa8+ Ke7 22. Qb7+
Ke8 23. Qc6+ Kf8 24. Qc8+ Ke7 25. Qxc5+ Ke8 26. Qc6+ Kf8 27. Qc8+ Ke7 28. Qb7+ Ke8
29. Qb8+ Ke7 30. Qxb4+ Ke8 31. Qb8+ Ke7 32. Qa7+ Ke8 33. Rd1 Nf6 34. Qb8+ Ke7 35.
Qd6+ Ke8 36. Qd8#  1-0

[Event "5. Bamberg Open A"]
[Site "Bamberg"]
[Date "2023.07.27"]
[Round "2"]
[Board "13"]
[White "Carmesin, Leon Lucas Finn"]
[Black "Boder, Jan"]
[Result "1/2-1/2"]
[WhiteElo "2042"]
[BlackElo "2264"]
[PlyCount "82"]
[EventDate "2023.07.26"]
[EventRounds "7"]
[EventCountry "GER"]

1. d4 Nf6 2. c4 e6 3. Nc3 Bb4 4. Qc2 c5 5. dxc5 O-O 6. a3 Bxc5 7. Bf4 Nc6 8. Nf3
d5 9. e3 Qe7 10. Rd1 Rd8 11. Be2 d4 12. exd4 Nxd4 13. Nxd4 Rxd4 14. Be5 Rxd1+ 15.
Qxd1 Ne8 16. O-O Bd7 17. Bf3 Rd8 18. Qe2 Bc6 19. Bxc6 bxc6 20. Qe4 f6 21. Bg3 Rd4
22. Qxc6 Rxc4 23. Qa6 Rd4 24. b4 Bb6 25. Na4 Qd8 26. Nc5 Qe7 27. Na4 Qd8 28. Nc5
Qd5 29. Na4 Rd1 30. Nxb6 axb6 31. Qe2 Rxf1+ 32. Kxf1 e5 33. Qc2 Nd6 34. f3 b5 35.
a4 Nc4 36. Bf2 bxa4 37. Qxa4 Qd3+ 38. Ke1 Qc3+ 39. Kf1 Qd3+ 40. Ke1 Qc3+ 41. Kf1
Qd3+  1/2-1/2